[Event "AUTO-MASTER-2620"]
[Site "http://www.queenalice.com/game.php?id=1487325"]
[Date "2017.7.24"]
[Round "1"]
[White "dcchess"]
[Black "andrevillares"]
[Result "1-0"]
[WhiteElo "2226"]
[BlackElo "1993"]

1. Nf3 d5 2. c4 Nf6 3. cxd5 Nxd5 4. d4 c5 5. e4 Nf6 6. e5 Nd5 7. Bb5+ Bd7 8. Bc4
e6 9. O-O Nc6 10. Nc3 Nxc3 11. bxc3 cxd4 12. cxd4 Be7 13. Rb1 O-O 14. Qe2 Rc8
15. Rd1 Qc7 16. Qe4 Na5 17. Bd3 g6 18. Ng5 Bc6 19. Qh4 h5 20. g4 Qd8 21. gxh5
Qd5 22. Kf1 Bxg5 23. Bxg5 Qh1+ 24. Ke2 Bf3+ 25. Kd2 Bxd1 26. Rxd1 Qd5 27. hxg6
Qxa2+ 28. Ke1 fxg6 29. Bxg6 Rc7 30. Bf6 Rxf6 31. exf6 Qc4 32. Qg5 Qc3+ 33. Kf1
Qh3+ 34. Kg1 Kf8 35. Rd3 1-0

[Event "AUTO-MASTER-2620"]
[Site "http://www.queenalice.com/game.php?id=1487337"]
[Date "2017.7.24"]
[Round "1"]
[White "mvson33"]
[Black "dcchess"]
[Result "1-0"]
[WhiteElo "1970"]
[BlackElo "2142"]

1. Nf3 g6 2. d4 Bg7 3. e3 f5 4. Bc4 d5 5. Bd3 Nd7 6. O-O e5 7. dxe5 Nxe5 8. Nc3
Ne7 9. Nxe5 Bxe5 10. Bd2 O-O 11. Re1 b6 12. Rb1 Bb7 13. Qe2 c5 14. Qf3 1-0

[Event "AUTO-OPEN-3842"]
[Site "http://www.queenalice.com/game.php?id=1492518"]
[Date "2017.9.1"]
[Round "1"]
[White "dcchess"]
[Black "Daniel1962"]
[Result "1-0"]
[WhiteElo "2167"]
[BlackElo "1949"]

1. Nf3 Nc6 2. d4 d5 3. Bf4 Nf6 4. e3 Bf5 5. c4 e6 6. Nc3 Bb4 7. Qb3 Qe7 8. a3
Bxc3+ 9. bxc3 b6 10. cxd5 Nxd5 11. Bb5 Nxf4 12. Bxc6+ Kf8 13. exf4 Rd8 14. Qb4
Qxb4 15. axb4 Rd6 16. Bb7 a5 17. bxa5 bxa5 18. Ne5 Ke7 19. Nc4 Rdd8 20. Nxa5 Kf6
21. O-O h5 22. f3 h4 23. Be4 Rh5 24. Nc6 Rg8 25. Kf2 g5 26. Bxf5 exf5 27. fxg5+
Rhxg5 28. Rg1 f4 29. Ne5 c5 30. Nd7+ Ke7 31. Nxc5 h3 32. gxh3 f6 33. Ra7+ Ke8
34. Re1+ 1-0

[Event "AUTO-OPEN-3842"]
[Site "http://www.queenalice.com/game.php?id=1492519"]
[Date "2017.9.1"]
[Round "1"]
[White "Daniel1962"]
[Black "dcchess"]
[Result "0-1"]
[WhiteElo "1968"]
[BlackElo "2132"]

1. d4 Nf6 2. Bf4 g6 3. Nf3 Bg7 4. Nc3 d6 5. e4 c5 6. Bc4 cxd4 7. Qxd4 e5 8. Nxe5
dxe5 9. Qxe5+ Be6 10. Bxe6 O-O 11. Bb3 Nxe4 12. Qd5 Nxc3 13. Qxd8 Rxd8 14. O-O
Ne2+ 15. Kh1 Nxf4 16. g3 Nh5 17. Rab1 Nc6 18. c3 Rd2 19. Kg2 Nf6 20. Bc4 Ne5 21.
Bb5 a6 22. Ba4 Nc4 23. Kf3 Rad8 24. Bb3 R8d3+ 25. Kf4 Bh6# 0-1

[Event "AUTO-OPEN-3842"]
[Site "http://www.queenalice.com/game.php?id=1492520"]
[Date "2017.9.1"]
[Round "1"]
[White "dcchess"]
[Black "Zorychta"]
[Result "0-1"]
[WhiteElo "2193"]
[BlackElo "1947"]

1. e4 e6 2. d3 d5 3. Nd2 c5 4. g3 Nf6 5. Bg2 Nc6 6. f4 e5 7. fxe5 Ng4 8. Nb3
dxe4 9. h3 Ngxe5 10. Bxe4 Bd6 11. Ne2 O-O 12. Bg2 Be6 13. Nf4 c4 14. dxc4 Bxc4
15. Be3 Re8 16. Qd2 Bb5 17. Bd5 Nd3+ 18. Nxd3 Bxg3+ 19. Nf2 Rxe3+ 20. Qxe3 Qxd5
21. Rg1 Nb4 0-1

[Event "AUTO-OPEN-3842"]
[Site "http://www.queenalice.com/game.php?id=1492521"]
[Date "2017.9.1"]
[Round "1"]
[White "Zorychta"]
[Black "dcchess"]
[Result "1-0"]
[WhiteElo "2259"]
[BlackElo "2201"]

1. e4 c5 2. c3 d5 3. exd5 Qxd5 4. d4 Nc6 5. Nf3 Bg4 6. Be2 cxd4 7. cxd4 e6 8.
O-O Nf6 9. Nc3 Qa5 10. Be3 Be7 11. h3 Bh5 12. a3 Nd5 13. Qb3 Qb6 14. Qxb6 Nxb6
15. Rfd1 Rd8 16. Rac1 a6 17. d5 Nxd5 18. Nxd5 exd5 19. Bxa6 d4 20. Bf4 Bxf3 21.
gxf3 O-O 22. Bxb7 Na5 23. Ba6 Nb3 24. Rc7 Bd6 25. Bxd6 Rxd6 26. Bb5 d3 27. Rxd3
Nd4 28. Bc4 Ne2+ 29. Kh2 Rf6 30. a4 Nf4 31. Re3 g5 32. a5 Rh6 33. a6 Rxh3+ 34.
Kg1 Rd8 35. Bxf7+ Kf8 36. Bb3 1-0

[Event "AUTO-MASTER-2633"]
[Site "http://www.queenalice.com/game.php?id=1492569"]
[Date "2017.9.2"]
[Round "1"]
[White "rybak"]
[Black "dcchess"]
[Result "0-1"]
[WhiteElo "2097"]
[BlackElo "2251"]

1. e4 e5 2. Nf3 Nc6 3. Bb5 Nf6 4. O-O Nxe4 5. d4 Nd6 6. Bxc6 dxc6 7. dxe5 Nf5 8.
Qxd8+ Kxd8 9. Nc3 Ne7 10. Bg5 h6 11. Rad1+ Ke8 12. Bf4 Ng6 13. Bg3 Bg4 14. Rd3
Rd8 15. Rfd1 Rxd3 16. Rxd3 Bf5 17. Rd2 Bb4 18. Nd4 Be6 19. Nxe6 fxe6 20. Rd3
Bxc3 21. Rxc3 Ke7 22. Rd3 h5 0-1

[Event "AUTO-MASTER-2633"]
[Site "http://www.queenalice.com/game.php?id=1492570"]
[Date "2017.9.2"]
[Round "1"]
[White "dcchess"]
[Black "rybak"]
[Result "1-0"]
[WhiteElo "2258"]
[BlackElo "2087"]

1. e4 e5 2. Nf3 Nf6 3. Nxe5 d6 4. Nf3 Nxe4 5. Nc3 Nxc3 6. dxc3 Bg4 7. h3 Bh5 8.
Be3 Be7 9. g4 Bg6 10. Bg2 Nd7 11. Nd4 c6 12. Qe2 O-O 13. O-O-O Re8 14. Rhe1 d5
15. Nf5 Qa5 16. Nxe7+ Rxe7 17. a3 1-0

[Event "AUTO-MASTER-2633"]
[Site "http://www.queenalice.com/game.php?id=1492585"]
[Date "2017.9.2"]
[Round "1"]
[White "MackMendes"]
[Black "dcchess"]
[Result "0-1"]
[WhiteElo "2201"]
[BlackElo "2207"]

1. d4 Nf6 2. c4 Nc6 3. Nc3 e5 4. d5 Ne7 5. e4 Ng6 6. a3 Bc5 7. h3 a5 8. Bg5 h6
9. Bd2 d6 10. Nf3 c6 11. Bd3 O-O 12. Qc1 Nh7 13. Ne2 f5 14. g3 Nf6 15. exf5 e4
16. fxg6 exd3 17. Nf4 Ne4 18. O-O Nxg3 19. Re1 Ne2+ 20. Rxe2 dxe2 21. Kg2 Qe7
22. Qc3 Qe4 23. Kg3 cxd5 24. cxd5 Rxf4 25. Bxf4 Qxg6+ 26. Kh2 Bxf2 27. h4 Qg4
28. Ng1 Qxf4+ 29. Kg2 Bg4 0-1

[Event "AUTO-MASTER-2633"]
[Site "http://www.queenalice.com/game.php?id=1492586"]
[Date "2017.9.2"]
[Round "1"]
[White "dcchess"]
[Black "MackMendes"]
[Result "1-0"]
[WhiteElo "2241"]
[BlackElo "2189"]

1. Nf3 d5 2. g3 Nc6 3. d4 Bg4 4. Bg2 Nf6 5. O-O Qd7 6. Ne5 Nxe5 7. dxe5 Nh5 8.
Qxd5 c6 9. Qxd7+ Bxd7 10. Be3 g6 11. Nc3 b6 12. a4 Ng7 13. f4 Nf5 14. Bf2 h5 15.
Nb5 Rb8 16. Nxa7 c5 17. Nb5 Bg7 18. Rfd1 Bxb5 19. axb5 O-O 20. Rd7 e6 21. Bc6
Rfd8 22. Rad1 Rxd7 23. Rxd7 Kf8 24. Rb7 Rxb7 25. Bxb7 Ke8 26. Be4 Nd4 27. Bd3
Bf8 28. h3 Be7 29. g4 hxg4 30. hxg4 g5 31. f5 f6 32. c3 Nb3 33. Bc4 Nd2 34. Bxe6
fxe5 35. Bd5 Nb1 36. Be3 Bf6 37. Be4 Nxc3 38. bxc3 Kd7 39. Kf1 Kd6 40. Ke1 Kc7
41. Kd2 Kd6 42. Kd3 Bd8 43. Kc4 Bf6 44. Bxc5+ bxc5 45. b6 Be7 46. Kb5 Kd7 47.
Ka6 Bd6 48. Ka7 c4 49. b7 1-0

[Event "AUTO-MASTER-2633"]
[Site "http://www.queenalice.com/game.php?id=1492597"]
[Date "2017.9.2"]
[Round "1"]
[White "dcchess"]
[Black "clovis"]
[Result "1-0"]
[WhiteElo "2174"]
[BlackElo "2026"]

1. d4 d5 2. Bf4 Bf5 3. c4 e6 4. cxd5 exd5 5. Qb3 Nf6 6. Qxb7 Nbd7 7. Bd2 Rb8 8.
Qxa7 Bd6 9. Nc3 O-O 10. e3 Rxb2 11. Nf3 Bb4 12. Rc1 Nb6 13. a3 Bxc3 14. Bxc3 Ra2
15. Bb4 Re8 16. Bb5 Bd7 17. Bxd7 Qxd7 18. O-O Ne4 19. Rxc7 Qf5 20. Qxb6 g5 21.
h3 Kh8 22. Qc6 Rg8 23. Qd7 Qe6 24. Qxe6 fxe6 25. Ne5 1-0

[Event "AUTO-MASTER-2633"]
[Site "http://www.queenalice.com/game.php?id=1492598"]
[Date "2017.9.2"]
[Round "1"]
[White "clovis"]
[Black "dcchess"]
[Result "0-1"]
[WhiteElo "2016"]
[BlackElo "2182"]

1. e4 e5 2. Bc4 Nc6 3. Nc3 Nf6 4. Nf3 Bb4 5. O-O d6 6. d4 Bg4 7. dxe5 Bxc3 8.
bxc3 Nxe5 9. Be2 Nxf3+ 10. Bxf3 Bxf3 11. Qxf3 Nd7 12. Re1 O-O 13. c4 b6 14. Bb2
Qg5 15. Re3 f6 16. Qf5 Qxf5 17. exf5 Rfe8 18. a4 a5 19. Rae1 Kf7 20. Re6 Nc5 0-1

[Event "AUTO-MASTER-2619"]
[Site "http://www.queenalice.com/game.php?id=1506911"]
[Date "2017.12.5"]
[Round "2"]
[White "Scharlatan"]
[Black "dcchess"]
[Result "0-1"]
[WhiteElo "2066"]
[BlackElo "2219"]

1. e4 e5 2. Nf3 Nc6 3. d4 exd4 4. Bc4 Nf6 5. e5 Ne4 6. O-O d5 7. exd6 Nxd6 8.
Re1+ Be7 9. Bb5 Nxb5 10. a4 Nd6 0-1

[Event "AUTO-MASTER-2619"]
[Site "http://www.queenalice.com/game.php?id=1506912"]
[Date "2017.12.5"]
[Round "2"]
[White "dcchess"]
[Black "Scharlatan"]
[Result "0-1"]
[WhiteElo "2268"]
[BlackElo "2056"]

1. e4 c5 2. c3 Nf6 3. e5 Nd5 4. Bc4 e6 5. d4 cxd4 6. cxd4 Nb6 7. Bd3 d6 8. Nf3
Nc6 9. Qe2 dxe5 10. dxe5 Bb4+ 11. Bd2 Nd5 12. Nc3 Nxc3 13. bxc3 Bc5 14. Qe4 Bd7
15. Qg4 Ne7 16. Qxg7 Rg8 17. Qxh7 Qb6 18. Rb1 Bxf2+ 19. Kf1 Qc5 20. Ng5 O-O-O
21. Ne4 Qxe5 22. Nxf2 Bc6 23. Rg1 Nf5 24. Bxf5 exf5 25. Nd3 Qe4 0-1

[Event "AUTO-MASTER-2619"]
[Site "http://www.queenalice.com/game.php?id=1506913"]
[Date "2017.12.5"]
[Round "2"]
[White "Alexandrovinsk"]
[Black "dcchess"]
[Result "0-1"]
[WhiteElo "2114"]
[BlackElo "2265"]

1. d4 Nf6 2. c4 Nc6 3. Nf3 e6 4. Nc3 Bb4 5. Bd2 O-O 6. e3 d6 7. Bd3 e5 8. d5 Ne7
9. Qc2 c6 10. e4 b5 11. dxc6 bxc4 12. Bxc4 Nxc6 13. O-O Bg4 0-1

[Event "AUTO-MASTER-2633"]
[Site "http://www.queenalice.com/game.php?id=1511723"]
[Date "2018.1.14"]
[Round "2"]
[White "dcchess"]
[Black "punk"]
[Result "0-1"]
[WhiteElo "2250"]
[BlackElo "2153"]

1. c4 g6 2. d4 Bg7 3. Nc3 c5 4. d5 Bxc3+ 5. bxc3 f5 6. h4 Nf6 7. h5 gxh5 8. e4
d6 9. Rxh5 fxe4 10. Rg5 Nbd7 11. Be2 Ne5 12. Rg7 Bf5 13. g4 Bg6 14. Bh6 Qa5 0-1

[Event "AUTO-MASTER-2633"]
[Site "http://www.queenalice.com/game.php?id=1511724"]
[Date "2018.1.14"]
[Round "2"]
[White "punk"]
[Black "dcchess"]
[Result "1/2-1/2"]
[WhiteElo "2128"]
[BlackElo "2272"]

1. d4 Nf6 2. c4 Nc6 3. Nf3 e6 4. e3 Bb4+ 5. Bd2 Bxd2+ 6. Nbxd2 d6 7. Bd3 O-O 8.
O-O e5 9. dxe5 dxe5 10. Qb1 Re8 11. h3 Nb4 12. Bf5 Bxf5 13. Qxf5 Qd3 14. Qxd3
Nxd3 15. Rab1 a5 16. Rfd1 a4 17. Ne4 Nxe4 18. Rxd3 f6 19. Rbd1 Nc5 20. Rd5 b6
21. Ne1 Ne6 22. f3 Rad8 1/2-1/2

[Event "AUTO-MASTER-2633"]
[Site "http://www.queenalice.com/game.php?id=1511725"]
[Date "2018.1.14"]
[Round "2"]
[White "dcchess"]
[Black "maxchessbr"]
[Result "1-0"]
[WhiteElo "2254"]
[BlackElo "1891"]

1. Nf3 Nf6 2. c4 c5 3. d4 cxd4 4. Nxd4 g6 5. Nc3 Nc6 6. e3 Bg7 7. Be2 O-O 8. O-O
d5 9. Nxc6 bxc6 10. Qa4 Bd7 11. Rd1 e6 12. Bf3 a5 13. Qc2 Qe7 14. e4 dxc4 15.
Qe2 Qb4 16. Bg5 Ra7 17. Rd4 1-0

[Event "AUTO-MASTER-2633"]
[Site "http://www.queenalice.com/game.php?id=1511726"]
[Date "2018.1.14"]
[Round "2"]
[White "maxchessbr"]
[Black "dcchess"]
[Result "0-1"]
[WhiteElo "1893"]
[BlackElo "2253"]

1. d4 Nf6 2. c4 e6 3. Nf3 a6 4. g3 c5 5. Bg2 cxd4 6. Nxd4 Qc7 7. Qd3 Nc6 8. Nxc6
bxc6 9. e4 d5 10. exd5 cxd5 11. O-O dxc4 12. Qc3 Rb8 13. Nd2 Bb7 14. Bxb7 Qxb7
15. Qxc4 Qb5 16. b3 Bb4 0-1

[Event "AUTO-MASTER-2633"]
[Site "http://www.queenalice.com/game.php?id=1511727"]
[Date "2018.1.14"]
[Round "2"]
[White "dcchess"]
[Black "rmvwoods"]
[Result "1-0"]
[WhiteElo "2235"]
[BlackElo "2129"]

1. d4 d5 2. Bf4 c5 3. e4 dxe4 4. d5 Nf6 5. Nc3 e6 6. Bb5+ Bd7 7. dxe6 Bxb5 8.
exf7+ Ke7 9. Qxd8+ Kxd8 10. Nxb5 Nbd7 11. O-O-O Be7 12. Nc7 Rf8 13. Nxa8 Rxf7
14. Nc7 Ng4 15. Nh3 Rxf4 16. Ne6+ 1-0

[Event "AUTO-MASTER-2633"]
[Site "http://www.queenalice.com/game.php?id=1511728"]
[Date "2018.1.14"]
[Round "2"]
[White "rmvwoods"]
[Black "dcchess"]
[Result "0-1"]
[WhiteElo "2128"]
[BlackElo "2244"]

1. d4 Nf6 2. c4 e6 3. Nc3 Bb4 4. Qc2 O-O 5. a3 Bxc3+ 6. Qxc3 d5 7. e3 b6 8. c5
e5 9. Bd3 bxc5 10. dxe5 Ng4 11. Qxc5 Nxe5 12. Bc2 Na6 13. Qd4 Re8 14. Ne2 c5 15.
Qc3 d4 16. exd4 cxd4 17. Qxd4 Nf3+ 0-1